Statistics explained: (Record no. 44132)

000 -LEADER
fixed length control field 00441nam a22001691a 4500
020 ## - INTERNATIONAL STANDARD BOOK NUMBER
ISBN 9780415102865
082 ## - DEWEY DECIMAL CLASSIFICATION NUMBER
Classification number 519.5
Item number PER/S
100 ## - MAIN ENTRY--AUTHOR NAME
Personal name Perry R Hinton
245 ## - TITLE STATEMENT
Title Statistics explained:
Sub Title a guide for Social science students/
Statement of responsibility, etc by Perry R Hinton
260 ## - PUBLICATION, DISTRIBUTION, ETC. (IMPRINT)
Place of publication New York:
Name of publisher Routledge,
Year of publication 1999.
300 ## - PHYSICAL DESCRIPTION
Number of Pages 322p.
650 ## - SUBJECT ADDED ENTRY--TOPICAL TERM
Topical Term Statistics Social Science
650 ## - SUBJECT ADDED ENTRY--TOPICAL TERM
Topical Term Mathematics
650 ## - SUBJECT ADDED ENTRY--TOPICAL TERM
Topical Term Science
942 ## - ADDED ENTRY ELEMENTS (KOHA)
Koha item type Book
Holdings
Withdrawn status Lost status Damaged status Not for loan Permanent Location Current Location Date acquired Cost, normal purchase price Full call number Accession Number Cost, replacement price Price effective from Koha item type
        Sree Sankaracharya University of Sanskrit Sree Sankaracharya University of Sanskrit 08.01.2015 1065.80 519.5 PER/S 028954 0.00 08.01.2015 Book